| 000 | 00655nam a2200253Ia 4500 | ||
|---|---|---|---|
| 005 | 20251020182447.0 | ||
| 008 | 200515s9999 xx 000 0 und d | ||
| 020 | _a978-958-8504-03-2 | ||
| 082 | _a552.483/S83/1 | ||
| 100 | _aSuárez, Jaime | ||
| 245 | 0 | _aDeslizamientos : Análisis Geotécnico. Volumen 1 | |
| 250 | _a1a ed. | ||
| 260 | _aBucaramanga | ||
| 260 | _bUniversidad Industrial Santander | ||
| 260 | _c2009 | ||
| 300 | _a588 p. | ||
| 300 | _bil., tbl., graf., map., fot. | ||
| 500 | _a1 ejemplar. Volumen 1 | ||
| 650 | _aANALISIS GEOTECNICO | ||
| 650 | _aDESLIZAMIENTOS | ||
| 650 | _aGEOLOGIA | ||
| 942 | _cLIB | ||
| 999 |
_c723 _d723 |
||